| 000 | 00341nam a22001457a 4500 | ||
|---|---|---|---|
| 003 | OSt | ||
| 005 | 20220223112736.0 | ||
| 008 | 220223b |||||||| |||| 00| 0 eng d | ||
| 020 | _a0750622067 | ||
| 040 | _cHU | ||
| 082 |
_25TH _a692.809 |
||
| 100 |
_aGreen _916761 |
||
| 245 | _aThe Architects Guide To Running A Job | ||
| 942 |
_2ddc _cBOOKS _n0 |
||
| 999 |
_c31369 _d31369 |
||